000 00418pab a2200157 454500
008 180718b2004 xxu||||| |||| 00| 0 eng d
100 _aRustagi, Preet
245 _aAre the vulnerabilities of women's work participation really altered?
260 _c2004
300 _ap.45-62.
362 _aDec
650 _aWomen workers
650 _aWomens participation
773 _aLabour and Development
909 _a64514
999 _c64514
_d64514